"Οι ζωές των άλλων" : η Στάζι και οι Έλληνες πολιτικοί πρόσφυγες στην Ανατολική Γερμανία (1949-1989)
Αποθηκεύτηκε σε:
| Κύριος συγγραφέας: | |
|---|---|
| Άλλοι συγγραφείς: | , |
| Μορφή: | Βιβλίο |
| Γλώσσα: | Greek |
| Δημοσίευση: |
Αθήνα :
Επίκεντρο,
c2020.
|
| Θέματα: | |
| Ετικέτες: |
Προσθήκη ετικέτας
Δεν υπάρχουν, Καταχωρήστε ετικέτα πρώτοι!
|
MARC
| LEADER | 00000cam a2200000 a 4500 | ||
|---|---|---|---|
| 001 | 1/123821 | ||
| 008 | 211029s2020####gr a ||| |||| ||gre|| | ||
| 020 | |a 9789604589876 | ||
| 040 | |a GR-MyUa |b gre |c GR-MyUa |e AACR2 | ||
| 041 | 0 | |a gre | |
| 082 | 7 | |a 305.8800943 |2 (23) | |
| 100 | 1 | |a Δορδανάς, Στράτος Ν., |d 1968- | |
| 245 | 0 | 3 | |a "Οι ζωές των άλλων" : |b η Στάζι και οι Έλληνες πολιτικοί πρόσφυγες στην Ανατολική Γερμανία (1949-1989) / |c Στράτος Ν. Δορδανάς, Βάϊος Καλογρηάς ; πρόλογος Ανδρέας Στεργίου. |
| 260 | |a Αθήνα : |b Επίκεντρο, |c c2020. | ||
| 300 | |a 272 σ. : |b εικ. ; |c 24 εκ. | ||
| 504 | |a Περιλαμβάνει βιβλιογραφικές παραπομπές και ευρετήριο. | ||
| 650 | 0 | |a Greeks |y 20th century |z Germany. | |
| 700 | 1 | |a Καλογρηάς, Βάϊος. | |
| 700 | 1 | |a Στεργίου, Ανδρέας, |e aui | |
| 852 | |a INST |b LESVOS |e 20211029 |h 305.8800943 ΔΟΡ |p 005100063847 |q 005100063847 |t BK |y 0 | ||
| 970 | |a Καμάτσου |b Δέσποινα |z 29-10-2021 | ||